| 000 | 00429pab a2200157 454500 | ||
|---|---|---|---|
| 008 | 180718b2015 xxu||||| |||| 00| 0 eng d | ||
| 100 | _aSahani, Ganesh | ||
| 245 | _aProspects of women in politics: a case of Bihar | ||
| 260 | _c2015 | ||
| 300 | _ap.103-107. | ||
| 362 | _aJan-Jun & Jul-Dec | ||
| 650 | _aWomen in politics - India - Bihar | ||
| 650 | _aWomen in politics | ||
| 773 | _aReview of Politics | ||
| 909 | _a115868 | ||
| 999 |
_c115862 _d115862 |
||